| 000 | 00631nam a2200229Ia 4500 | ||
|---|---|---|---|
| 008 | 160319s9999 xx 000 0 und d | ||
| 020 | _a9710858114 | ||
| 050 | _a398.2 | ||
| 050 | _bA656t 2007 | ||
| 100 | _aAquino, Gaudencio V. | ||
| 245 | _aTales and legends of long ago : | ||
| 245 | _bvalues-oriented / | ||
| 245 | _cGaudencio V. Aquino. | ||
| 260 | _aMandaluyong City : | ||
| 260 | _bNational Bookstore | ||
| 260 | _c2007 | ||
| 300 | _a x, 104 pages : | ||
| 300 | _billustration : | ||
| 650 | _aFolklore--Philippines. | ||
| 650 | _aMythology, Philippine. | ||
| 650 | _aPhilippines--Social life and customs. | ||
| 999 |
_c292135 _d292135 |
||